Statistics for Most Visited Websites In 2023

Click here to take the quiz!

General Stats

  • This quiz has been taken 55 times
  • The average score is 11 of 20

Answer Stats

#HintAnswer% Correct
1Search EngineGoogle
100%
7Social MediaInstagram
92%
3Social MediaFacebook
88%
2EntertainmentYouTube
88%
6EncyclopediaWikipedia
83%
12E-CommerceAmazon
81%
5Social MediaTwitter
79%
11Search EngineYahoo
77%
15Social MediaTikTok
65%
18Search EngineBing
63%
17Instant MessagingWhatsApp
60%
4EntertainmentPornhub
48%
13WeatherWeather
48%
10Search EngineDuckDuckGo
31%
19Artificial IntelligenceOpenAI
31%
9Social MediaReddit
29%
20EntertainmentXHamster
21%
8EntertainmentXVideos
17%
14EntertainmentXNXX
10%
16Search EngineYahoo! Japan
2%

Score Distribution

Percentile by Number Answered

Percent of People with Each Score

Your Score History

You have not taken this quiz